00336 2200145 4500001002100000005001500021035002000036245004000056100001300096300001200109260003500121082000800156084001400164990001200178INLIS00000000000233520250528101157 a0010-05250006271 aKata - Kata Hikmah /cDrs. Ruswandi0 aRuswandi a176 hlm aJakarta :bNuansa Aulia,c2005 a100 a100 RUS k a0712337